| 000 | 00000nam##2200000za#4500 |
| 001 | 9.600146 |
| 003 | CaOODSP |
| 005 | 20210624205429 |
| 007 | cr ||||||||||| |
| 008 | 150406|1998||||xxc|||||o f|0| 0 fre|d |
| 040 | |aCaOODSP|bfre |
| 043 | |an-cn--- |
| 086 | 1 |aBT31-4/63-1998F-PDF |
| 110 | 1 |aCanada. |bConseil du trésor. |
| 245 | 10|aCommissariats à l'information et à la protection de la vie privée, rapport sur le rendement pour la période se terminant le 31 mars 1998 |h[ressource électronique] |
| 246 | 3 |aBudget des dépenses |
| 260 | |aOttawa - Ontario : |bSecrétariat du Conseil du Trésor du Canada |c[1998]. |
| 300 | |a28p.|bfigure, tableaux |
| 490 | 1 |aRapport sur le rendement pour la période se terminant le 31 mars 1998 |vPour la période se terminant le 31 mars 1998 |
| 590 | |a10-15-Supp|b2010-12-10 |
| 775 | 08|tOffices of the Information and Privacy Commissioners, performance report for the period ending March 31, 1998 |w(CaOODSP)9.568884 |
| 776 | 0#|tOffices of the Information and Privacy Commissioners|w(CaOODSP)9.531128 |
| 776 | 0#|tCommissariats à l'information et à la protection de la vie privée|w(CaOODSP)9.531129 |
| 830 | #0|aRapport sur le rendement pour la période se terminant le 31 mars 1998 ;|vPour la période se terminant le 31 mars 1998|w(CaOODSP)9.502654 |
| 856 | 40|ahttp://publications.gc.ca|qPDF|s181 Ko|uhttps://publications.gc.ca/collections/Collection/BT31-4-63-1998F.pdf|yPour la période se terminant le 31 mars 1998 |